Slzy tvojej milenky

Bibliographic Details
Main Author: Victory, Lea, 1983- (Author)
Format: Book
Language:Slovak
PhysicalDescription:282 strán 17 cm
Published: Martin HladoHlas Group s.r.o. 2018
ISBN:9788089711857
Edition:Prvé vydanie
Subjects:

MARC

LEADER 00000cam a2200000 4500
001 vtls011832762
003 SK-MaSNL
005 20260302022029.0
008 200316s2018 xo gr 010 f slo
015 |a SNBA2019/09 
020 |a 9788089711857  |q (brožované) 
035 |a urn:nbn:sk:snk-am00djhb 
035 |a urn:nbn:sk:snk-am3i47j 
035 |a A2C73888-5D4A-4D6E-B6AA-9C435FAB3841 
040 |a SNK  |b slo  |c SNK  |e rda 
041 0 |a slo 
044 |a xo  |c SK 
072 7 |a 821.162.4-3  |x Slovenská próza  |2 konspekt 
080 |a 821.162.4-31  |2 2011 
080 |a (0:82-312.5)  |2 2011 
100 1 |a Victory, Lea,  |d 1983-  |4 aut  |9 244741 
245 1 0 |a Slzy tvojej milenky  |c Lea Victory 
250 |a Prvé vydanie 
264 1 |a Martin  |b HladoHlas Group s.r.o.  |c 2018 
300 |a 282 strán  |c 17 cm 
336 |a text  |b txt  |2 rdacontent 
337 |a bez média  |b n  |2 rdamedia 
338 |a zväzok  |b nc  |2 rdacarrier 
655 7 |a slovenské romány  |2 SNKPH  |9 70324 
655 7 |a Slovak fiction  |2 SNKPHeng  |9 277096 
655 7 |a ľúbostné romány  |2 SNKPH  |9 70497 
655 7 |a Love novels  |2 SNKPHeng  |9 277756 
852 |a Štátna vedecká knižnica v Banskej Bystrici 
919 |a 978-80-89711-85-7 
958 |a LX 
999 |c 1031208  |d 1033138 
952 |a SNK  |b SNK  |y PREZ  |7 0  |p 17A1376701  |o snkSD 88528  |i snk2019/23437  |8 0  |0 0  |1 0  |4 0  |d 2019-09-20  |f 1  |l 0  |r 2026-02-24 13:54:09  |w 2026-02-24 
952 |a SNK  |b SNK  |y PREZ  |7 0  |p 17A1376680  |o snkSD 88528 D1  |i snk2019/23665  |8 0  |0 0  |1 0  |4 0  |d 2019-09-24  |l 0  |r 2026-02-24 13:54:09  |w 2026-02-24